[Event "16th Balaguer Open"]
[Site "Balaguer ESP"]
[Date "2011.07.24"]
[Round "8"]
[White "Lazaro Porta,A"]
[Black "Kovacevic,Sl"]
[Result "0-1"]
[WhiteElo "1970"]
[BlackElo "2325"]

1.c4 c5 2.Nf3 Nf6 3.Nc3 b6 4.g3 Bb7 5.Bg2 a6 6.O-O e6 7.d3 d6 8.e4 Be7 9.h3 O-O
10.Be3 Qc7 11.Ne1 Nc6 12.f4 Nd4 13.Nf3 e5 14.fxe5 dxe5 15.Nd5 Nxd5 16.cxd5 Bd6
17.Nxd4 exd4 18.Bf4 Rae8 19.Qd2 Bc8 20.Bxd6 Qxd6 21.Qf4 Re5 22.Rae1 Bd7 23.Kh2 Qe7
24.Rd1 f5 25.Qd2 a5 26.Rf2 Re8 27.Rdf1 g6 28.h4 Kg7 29.b3 Rf8 30.Rf4 Rf7
31.Qf2 Be8 32.Kg1 Qd6 33.g4 Bd7 34.g5 Qe7 35.Kh2 Rf8 36.Kg1 Bc8 37.Qd2 Rh8
38.Qf2 h6 39.Qg3 hxg5 40.hxg5 Rh5 41.Rh4 fxe4 42.Rxh5 gxh5 43.dxe4 Rxg5 44.Qf4 Bh3
45.Rf2 Bxg2 46.Rxg2 Rxg2+ 47.Kxg2 Qf6 48.Qc7+ Kh6 49.Qc6 Kg5 50.d6 Qe6 51.Qd5+ Qxd5  0-1

[Event "4th Paleohora Open"]
[Site "Paleochora GRE"]
[Date "2011.07.27"]
[Round "9"]
[White "Delithanasis,D"]
[Black "Duijker,R"]
[Result "1/2-1/2"]
[WhiteElo "2110"]
[BlackElo "2276"]

1.Nf3 Nf6 2.c4 c5 3.Nc3 e6 4.e3 b6 5.g3 Bb7 6.Bg2 Be7 7.O-O O-O 8.b3 d5 9.Bb2 Nc6
10.cxd5 Nxd5 11.Nxd5 Qxd5 12.d4 Rfd8 13.Ne5 Qd6 14.dxc5 Qxc5 15.Qe2 Nxe5
16.Bxb7 Rab8 17.Be4 Bf6 18.Bd4 Qa5 19.Rfd1 Nd7 20.Qb2 Bxd4 21.Qxd4 Qc5 22.Qa4 Nf6
23.Bf3 a5 24.Rac1 Rxd1+ 25.Rxd1 Kf8 26.Qd4 Qxd4 27.Rxd4 Ke7 28.Rc4 Rd8 29.Rc6 Rd6
30.Rc7+ Nd7 31.Be2 Rd5 32.a4 Kd6 33.Ra7 Rc5 34.Bb5 Rc7 35.Ra8 Nc5 36.Rd8+ Ke7
37.Re8+ Kf6 38.Rb8 Rb7 39.Rxb7 Nxb7 40.Kf1 Ke5 41.Ke2 Kd5 42.Kd2 Kc5 43.Kc3 h6
44.f3 Nd6 45.Bd3 Ne8 46.h4 Nf6 47.Bc4 Nd7 48.Be2 Nf6 49.Bc4 Ne8 50.g4 Nd6
51.Bd3 f6 52.h5 Nf7 53.Bc4 Ne5 54.Be2 Nc6 55.Bc4 Kd6 56.Ba6 Ne5 57.Be2 Kc5
58.Bd1 Nf7 59.f4 Nd6 60.Bf3 e5 61.Bg2 Nf7 62.Be4 Nd8 63.Bf5 Nc6 64.Be4 Nb4
65.Bb7 exf4 66.exf4 Kd6 67.Kd4 Kc7 68.Bd5 Kd7 69.Ke4 Na6 70.Kf5 Ke7 71.Kg6 Kf8
72.Kf5  1/2-1/2

[Event "COQ Invitational"]
[Site "Montreal CAN"]
[Date "2011.07.29"]
[Round "8"]
[White "Calugar,A"]
[Black "Bolduc,S"]
[Result "0-1"]
[WhiteElo "2247"]
[BlackElo "2230"]

1.Nf3 Nf6 2.c4 c5 3.Nc3 e6 4.g3 d5 5.cxd5 exd5 6.d4 Nc6 7.Bg2 Be7 8.O-O O-O
9.Bg5 cxd4 10.Nxd4 h6 11.Bf4 Bg4 12.h3 Be6 13.Ncb5 Qd7 14.Nxe6 fxe6 15.e4 Rad8
16.exd5 Nxd5 17.Bd2 Bc5 18.Qe2 a6 19.Nc3 Nd4 20.Qe4 Nf5 21.Nxd5 Nxg3 22.Qc4 Nxf1
23.Rxf1 Ba7 24.Nf4 Qxd2 25.Qxe6+ Rf7 26.Nd5 Bc5 27.Ne3 Bxe3 28.fxe3 Qd7 29.Qb3 Kf8
30.Qb4+ Qe7 31.Rxf7+ Kxf7 32.Qc4+ Kf8 33.Qf4+ Kg8 34.h4 Kh8 35.b3 Re8 36.e4 Rf8
37.Qg4 Qc5+ 38.Kh2 Qe5+ 39.Kh3 Rd8 40.Bf3 a5 41.h5 Rd2 42.Qc8+ Kh7 43.Qf5+ Qxf5+
44.exf5 Rxa2 45.Bxb7 Ra3 46.Bd5 a4 47.Kg4 Rxb3  0-1

[Event "Pays de Charleroi Open"]
[Site "Charleroi BEL"]
[Date "2011.07.30"]
[Round "1.3"]
[White "Ooghe,J"]
[Black "Rooze,J"]
[Result "0-1"]
[WhiteElo "1785"]
[BlackElo "2363"]

1.c4 c5 2.Nc3 e6 3.Nf3 Nf6 4.g3 b6 5.Bg2 Bb7 6.O-O Be7 7.a3 a6 8.e3 Qc7 9.b3 d6
10.Bb2 Nbd7 11.d4 O-O 12.Qc2 Rac8 13.Rad1 cxd4 14.Nxd4 Bxg2 15.Kxg2 Qb7+
16.Kg1 Rfe8 17.a4 Bf8 18.Qd3 Nc5 19.Qc2 g6 20.b4 Ncd7 21.Qb3 Ne5 22.Nce2 Nxc4
23.Nb5 Ne4 24.f3 Ned2 25.Qc3 Nxb2 26.Qxd2 Nc4 27.Qd3 axb5 28.axb5 Nb2  0-1

[Event "ch-AUT"]
[Site "Linz AUT"]
[Date "2011.07.30"]
[Round "8"]
[White "Platzgummer,F"]
[Black "Theuretzbacher,K"]
[Result "1-0"]
[WhiteElo "2311"]
[BlackElo "2209"]

1.Nf3 Nf6 2.c4 c5 3.Nc3 e6 4.g3 b6 5.Bg2 Bb7 6.O-O d6 7.Re1 a6 8.e4 Be7 9.d4 cxd4
10.Nxd4 Qc7 11.Be3 Nbd7 12.f4 O-O 13.Rc1 Rac8 14.Bf2 e5 15.Nf5 Rfe8 16.Nd5 Nxd5
17.cxd5 Qd8 18.Rxc8 Bxc8 19.Qc2 Bf8 20.Rc1 g6 21.Ne3 exf4 22.gxf4 Bh6 23.Bg3 b5
24.Qc7 Nc5 25.Rxc5 dxc5 26.Qxc5 g5 27.f5 Bg7 28.d6 Qf6 29.e5 Qd8 30.Bf3 Kh8
31.Bh5 Qd7 32.Bg4 h5 33.Bxh5 Bb7 34.e6 fxe6 35.Bxe8 Qxe8 36.f6 Bxf6 37.d7 Qd8
38.Qc7  1-0

[Event "Pays de Charleroi Open"]
[Site "Charleroi BEL"]
[Date "2011.08.05"]
[Round "8.14"]
[White "Marte,S"]
[Black "Remy,Joe"]
[Result "1-0"]
[WhiteElo "1970"]
[BlackElo "2089"]

1.Nf3 Nf6 2.c4 e6 3.Nc3 c5 4.d4 cxd4 5.Nxd4 Be7 6.g3 O-O 7.Bg2 d6 8.O-O a6
9.b3 Qc7 10.Bb2 Nbd7 11.Rc1 Rb8 12.Qd2 Ne5 13.Nf3 Nxf3+ 14.Bxf3 Bd7 15.Ne4 Nxe4
16.Bxe4 f5 17.Bg2 e5 18.Rfd1 Bc6 19.Ba3 Rbd8 20.Bd5+ Kh8 21.Bb4 f4 22.Bxc6 Qxc6
23.Qd5 fxg3 24.hxg3 Qb6 25.Be1 h6 26.e3 Rf6 27.Ba5 Qa7 28.Bxd8 Bxd8 29.c5 Be7
30.cxd6 Bxd6 31.Rc8+ Bf8 32.Qxe5 Qb6 33.Rdd8 Qb4 34.Qc3 Qe7 35.Qc5 Qxc5 36.Rxc5 Kh7
37.Rc7 b6 38.Rdd7 Kg6 39.Kg2 Kf5 40.Rf7 a5 41.Rxf6+ gxf6 42.Kf3 Bc5 43.g4+ Kg6
44.Ke4 h5 45.gxh5+ Kxh5 46.Rxc5+ bxc5 47.Kf5  1-0

[Event "112th US Open"]
[Site "Orlando USA"]
[Date "2011.08.05"]
[Round "4"]
[White "Kacheishvili,G"]
[Black "Bartholomew,J"]
[Result "1/2-1/2"]
[WhiteElo "2582"]
[BlackElo "2442"]

1.c4 Nf6 2.Nc3 c5 3.Nf3 e6 4.e3 d5 5.d4 cxd4 6.exd4 Be7 7.cxd5 exd5 8.Ne5 O-O
9.Bd3 Nc6 10.O-O Be6 11.Nxc6 bxc6 12.Na4 Qd6 13.Re1 Nd7 14.Be3 Rab8 15.Rc1 h6
16.Rc3 Bf6 17.b3 Rfc8 18.Ba6 Re8 19.Bf1 Bf5 20.Qd2 Qb4 21.Rd1 Re6 22.Qc1 Qb7
23.Bf4 Rbe8 24.Re3 Rxe3 25.Bxe3 Re6 26.Nb2 Qb6 27.Na4 Qb4 28.Qc3 Qxc3 29.Nxc3 Bg5
30.Bxg5 hxg5 31.h3 Kf8 32.Rc1 Ke7 33.f3 Kd6 34.Na4 Re8 35.Kf2 Rb8 36.Ke3  1/2-1/2

[Event "Split Open"]
[Site "Split CRO"]
[Date "2011.08.06"]
[Round "2.8"]
[White "Saric,A"]
[Black "Marendic,V"]
[Result "1-0"]
[WhiteElo "2483"]
[BlackElo "2125"]

1.Nf3 c5 2.c4 Nf6 3.Nc3 b6 4.d4 cxd4 5.Nxd4 Bb7 6.f3 e6 7.e4 a6 8.Be3 Qc7
9.Qd2 d6 10.Rc1 Nbd7 11.Be2 Be7 12.O-O Rc8 13.a3 Qb8 14.b4 O-O 15.Kh1 Rfe8
16.Rc2 Bd8 17.Rb1 Bc7 18.Bg1 Qa8 19.Na4 Ne5 20.Bf1 Nxe4 21.fxe4 Bxe4 22.Nc3 Bxc2
23.Nxc2 Bb8 24.Ne3 Qb7 25.Qd4 Red8 26.Rb3 f5 27.h3 Qc7 28.Nb1 b5 29.cxb5 axb5
30.Bxb5 Ba7 31.Qd1 Qc1 32.Qxc1 Rxc1 33.Nf1 Bxg1 34.Kxg1 d5 35.a4 Nc4 36.a5 e5
37.a6 e4 38.Bc6 Nb6 39.b5 d4 40.Kf2 e3+ 41.Nxe3 dxe3+ 42.Kxe3 Kf7 43.Nd2 Kf6
44.Ra3 Rc2 45.Rd3 Rxd3+ 46.Kxd3 Ra2 47.Nc4 Nc8 48.Bb7 Ne7 49.b6  1-0

[Event "7th Gazi-Heraklion Open"]
[Site "Heraklion GER"]
[Date "2011.08.07"]
[Round "2"]
[White "Mirzoev,A"]
[Black "Kazakos,E"]
[Result "1-0"]
[WhiteElo "2415"]
[BlackElo "2105"]

1.Nf3 Nf6 2.c4 c5 3.Nc3 e6 4.g3 b6 5.Bg2 Bb7 6.O-O d6 7.d4 cxd4 8.Qxd4 a6
9.Rd1 Be7 10.b3 Nbd7 11.Bb2 Qc7 12.e4 O-O 13.Qe3 Rfe8 14.Rac1 Rac8 15.Nd4 Bf8
16.Qd2 Qb8 17.Re1 Qa8 18.f3 g6 19.Rcd1 Qb8 20.Kh1 Rcd8 21.g4 h6 22.h3 Bg7
23.Nc2 Bf8 24.Qf2 Ba8 25.Nd4 Bg7 26.Qg3 Nh7 27.Bc1 Ne5 28.f4 Nd7 29.f5 Ne5
30.Bf4 g5 31.Be3 Nf6 32.Bg1 Bb7 33.Bh2 Nfd7 34.Rf1 Bf6 35.Qe3 Ba8 36.a4 Bg7
37.Nce2 Qc7 38.Ng3 Nf6 39.Bg1 d5 40.fxe6 fxe6 41.cxd5 exd5 42.Ndf5 Re6 43.Nxg7 Kxg7
44.Nf5+ Kh7 45.Nd4 Red6 46.exd5 Re8 47.Bh2 Rxd5 48.Rxf6 Kg7 49.Rff1 Nxg4
50.hxg4  1-0

[Event "MMK Krakow IM"]
[Site "Krakow POL"]
[Date "2011.08.07"]
[Round "3.2"]
[White "Fraczek,Dan"]
[Black "Mikrut,D"]
[Result "1-0"]
[WhiteElo "2374"]
[BlackElo "2358"]

1.Nf3 c5 2.c4 Nf6 3.Nc3 g6 4.d4 cxd4 5.Nxd4 Nc6 6.g3 Bg7 7.Bg2 O-O 8.O-O Nxd4
9.Qxd4 d6 10.Qd3 Bf5 11.e4 Be6 12.b3 Qa5 13.Bd2 Qh5 14.f3 Rfc8 15.Rae1 Qc5+
16.Kh1 a6 17.Rc1 Rab8 18.Nd5 Bxd5 19.cxd5 Qa3 20.Qb1 Ne8 21.Bh3 Rc5 22.Be3 Rxc1
23.Rxc1 a5 24.Rc4 Qb2 25.Qxb2 Bxb2 26.Rc8 Rxc8 27.Bxc8 Nc7 28.Bxb7 Nb5 29.Bb6 Bc3
30.Ba6 Na3 31.Bd3 Kg7 32.Kg2 Kf6 33.f4 e6 34.Bd8+ Kg7 35.Kf3 exd5 36.exd5 f5
37.Bc7 Bb4 38.Bb6 Kf7 39.Bd4 Ke7 40.h3 Bc5 41.Bb2 Kf7 42.g4 fxg4+ 43.hxg4 Ke7
44.g5 Kf7 45.Kg4 Bb4 46.f5 Bc5 47.Bc3 Bb4 48.Bd4 Bd2 49.Bb6 Bc3 50.Bc7 Bb4
51.f6 Ke8 52.Kf3 Kd7 53.Bb6 Ke8 54.Be3 Bc3 55.Ke2 Kf7 56.Kd1 Ke8 57.Bd2 Bb4
58.Kc1 Kf7 59.Ba6 Kf8 60.Be3 Kf7 61.Bb6 Ke8 62.Bb7 Kf7 63.Bc6 Kf8 64.Bd7 Kf7
65.Bc7 Kf8 66.Bd8 Kf7 67.Kb2 Kf8 68.Be7+ Kf7 69.Bc6 Bc5 70.Kc3 Bb4+ 71.Kd3 Nb1
72.Bd8 Na3 73.Bb6 Kf8 74.Bd4 Kf7 75.Bd7 Kf8 76.Bb2 Kf7 77.Be6+ Kf8 78.Bc3 Ke8
79.Bxb4 axb4 80.Bg8 Kf8 81.Bxh7 Kf7 82.Kd4 Nc2+ 83.Kc4 Ne3+ 84.Kxb4 Nxd5+
85.Kb5 Nc3+ 86.Kc6 d5 87.Kc5 Ne4+ 88.Kxd5 Nxg5 89.Bxg6+ Kxg6 90.a4 Kxf6 91.a5 Ke7
92.Kc6 Ne6 93.a6 Nd8+ 94.Kb6  1-0

[Event "23rd Jirasek Mem GM"]
[Site "Rakovnik CZE"]
[Date "2011.08.07"]
[Round "2.4"]
[White "Cvek,R"]
[Black "Pacher,M"]
[Result "1-0"]
[WhiteElo "2506"]
[BlackElo "2408"]

1.Nf3 Nf6 2.c4 c5 3.Nc3 d5 4.cxd5 Nxd5 5.g3 Nc6 6.Bg2 Nc7 7.Qa4 Bd7 8.O-O e5
9.Qb3 Be7 10.d3 O-O 11.Bd2 Kh8 12.Rfc1 Nd4 13.Qd1 f6 14.Nxd4 exd4 15.Na4 Ne6
16.Bxb7 Rb8 17.Bf3 Bd6 18.b3 Qe7 19.Nb2 Rbe8 20.Nc4 Bb8 21.b4 Ng5 22.Bxg5 fxg5
23.bxc5 g4 24.Be4 Qxc5 25.Qf1 Qg5 26.Rab1 h5 27.Qe1 h4 28.Qa5 Qh6 29.Rf1 Be6
30.Rb5 Bf7 31.Ne5 Bxe5 32.Rxe5 Rc8 33.Rc5 h3 34.Rg5 Qe6 35.Qxa7  1-0

[Event "Etapa Recife CBX"]
[Site "Recife BRA"]
[Date "2011.08.09"]
[Round "1"]
[White "De Almeida,B"]
[Black "Lima,Lu"]
[Result "1-0"]
[WhiteElo "2176"]
[BlackElo "1980"]

1.Nf3 e6 2.c4 c5 3.Nc3 Nf6 4.e4 d6 5.d4 cxd4 6.Nxd4 a6 7.Be2 Be7 8.Be3 Qc7
9.Qd2 Nbd7 10.O-O b6 11.Rac1 Bb7 12.f3 O-O 13.Rfd1 Rac8 14.Bf1 Qb8 15.Qf2 Ba8
16.b3 Rfd8 17.a3 Rc7 18.g4 g6 19.h3 Rdc8 20.a4 Bf8 21.Bg2 e5 22.Nc2 Nc5 23.Rb1 Ncd7
24.Nb4 Bb7 25.g5 a5 26.Nba2 Nh5 27.Nb5 Rc6 28.Nac3 Nf4 29.Bf1 Ne6 30.h4 Ba8
31.Bh3 Re8 32.Nd5 Bg7 33.Bg4 Qd8 34.Qd2 f6 35.Qg2 fxg5 36.hxg5 Ndc5 37.Kf2 Rf8
38.Ke2 Kh8 39.Bxe6 Nxe6 40.Rh1 Rf7 41.Rxh7+ Kg8 42.Rbh1 Rf8 43.Qh3 Qe8 44.Nbc7 Nf4+
45.Bxf4 Rxc7 46.Nxc7 Qf7 47.Rh8+  1-0

[Event "20th ZMDI Open A"]
[Site "Dresden GER"]
[Date "2011.08.10"]
[Round "5.1"]
[White "Vorobiov,E"]
[Black "Rychagov,A"]
[Result "1/2-1/2"]
[WhiteElo "2574"]
[BlackElo "2560"]

1.c4 c5 2.Nf3 Nf6 3.Nc3 d5 4.e3 a6 5.b3 Bg4 6.Be2 e6 7.O-O Nbd7 8.Bb2 Be7
9.h3 Bh5 10.Rc1 O-O 11.d4 Rc8 12.Ng5 Bxe2 13.Qxe2  1/2-1/2

[Event "e2e4 Int Masters A"]
[Site "Sunningdale ENG"]
[Date "2011.08.10"]
[Round "1"]
[White "Ubilava,E"]
[Black "Dourerassou,J"]
[Result "0-1"]
[WhiteElo "2533"]
[BlackElo "2413"]

1.c4 Nf6 2.Nc3 c5 3.Nf3 d5 4.cxd5 Nxd5 5.g3 Nc6 6.Bg2 Nc7 7.a3 g6 8.O-O Bg7
9.d3 O-O 10.Bd2 b6 11.Rb1 Bb7 12.b4 Nd4 13.Ne1 Bxg2 14.Nxg2 cxb4 15.axb4 Qd7
16.Ne3 Rfc8 17.Nc4 h5 18.e3 Nde6 19.Qe2 b5 20.Na5 Bxc3 21.Bxc3 Nd5 22.Ba1 Nc3
23.Bxc3 Rxc3 24.Rfd1 Rac8 25.Rb2 Qd5 26.h4 a6 27.d4 f5 28.Qf1 Qf3 29.d5 Rd8
30.Rbd2 Nf8 31.Nc6 Re8 32.Ra1 e5 33.Qg2 Qg4 34.d6 e4 35.Ne7+ Kf7 36.Kh2 Nd7
37.Nd5 Rc6 38.Nc7 Rc8 39.Rd5 Nf6 40.Rd2 Nd7 41.Rd5 Rc2 42.Qf1 Nf6 43.Rd4 Qf3
44.Kg1 Ng4 45.Qg2 Rxf2 46.Qxf3 exf3 47.d7 Rg2+  0-1

[Event "XX TCh-MKD"]
[Site "Struga MKD"]
[Date "2011.08.11"]
[Round "4"]
[White "Glavinac,G"]
[Black "Tosic,M"]
[Result "0-1"]
[WhiteElo "2179"]
[BlackElo "2402"]

1.Nf3 c5 2.c4 Nf6 3.Nc3 e6 4.g3 b6 5.Bg2 Bb7 6.O-O Be7 7.Re1 d6 8.d4 cxd4
9.Nxd4 Bxg2 10.Kxg2 O-O 11.b3 a6 12.Bb2 Qc7 13.e4 Nbd7 14.Qd2 Rfe8 15.f3 Bf8
16.Rac1 Qb7 17.h4 Rad8 18.Qe3 Ne5 19.Qe2 h5 20.Nc2 g6 21.Ne3 Bg7 22.Red1 Rd7
23.b4 Rb8 24.a4 Rdd8 25.b5 a5 26.Nb1 Ne8 27.Ba3 f5 28.Nd2 Nf6 29.exf5 gxf5
30.Nb3 Bf8 31.Nd4 Re8 32.Kh2 Rbc8 33.Ng2 Qf7 34.Nf4 Neg4+ 35.fxg4 Nxg4+ 36.Kh3 e5
37.Nd5 exd4 38.Qf3 Re4 39.Rd3 Bh6 40.Rf1 Rxc4 41.Nf4 Bxf4 42.gxf4 Rc3 43.Bc1 Qc4
44.Rxc3 dxc3 45.Rd1 d5  0-1

[Event "20th ZMDI Open A"]
[Site "Dresden GER"]
[Date "2011.08.12"]
[Round "7.29"]
[White "Stabolewski,A"]
[Black "Tennert,Simon"]
[Result "1-0"]
[WhiteElo "2270"]
[BlackElo "2057"]

1.c4 c5 2.Nf3 Nf6 3.Nc3 e6 4.g3 b6 5.Bg2 Bb7 6.O-O Be7 7.Re1 O-O 8.e4 d6
9.d4 cxd4 10.Nxd4 Qc8 11.Be3 a6 12.Rc1 Nbd7 13.f4 Qc7 14.g4 g6 15.g5 Nh5
16.f5 d5 17.cxd5 Bd6 18.dxe6 Bxh2+ 19.Kh1 Qg3 20.Nf3 Ne5 21.Nxh2 fxe6 22.Qb3 gxf5
23.Qxe6+ Rf7 24.Nd5 Nd3 25.g6 hxg6 26.Ne7+ Kg7 27.Bd4+ Nf6 28.Nxg6 Nxe1 29.Bxf6+ Rxf6
30.Qe7+ Kxg6 31.exf5+ Rxf5 32.Qe6+ Rf6 33.Be4+ Kg7 34.Qd7+ Rf7 35.Qd4+ Kg8
36.Bxb7 Raf8 37.Bd5 Nf3 38.Nxf3 Qh3+ 39.Nh2 Qh6 40.Rg1+ Kh7 41.Be4+  1-0

[Event "RTU Open A"]
[Site "Riga LAT"]
[Date "2011.08.12"]
[Round "5"]
[White "Ehlvest,J"]
[Black "Akesson,R"]
[Result "1-0"]
[WhiteElo "2583"]
[BlackElo "2429"]

1.c4 Nf6 2.Nc3 c5 3.Nf3 e6 4.e4 Nc6 5.Be2 Qc7 6.O-O a6 7.d4 cxd4 8.Nxd4 Nxd4
9.Qxd4 Bc5 10.Qd3 h5 11.Qh3 b6 12.Be3 Bb7 13.Bxc5 bxc5 14.Qd3 Qe5 15.Rad1 g5
16.f3 Ke7 17.Rfe1 g4 18.Qd2 gxf3 19.Bxf3 Rag8 20.Nd5+ Bxd5 21.exd5 Qd6 22.Qf2 Qb6
23.d6+ Kf8 24.Re5 Rg6 25.Rxc5 Kg7 26.Rc7 Qa5 27.c5 Qxa2 28.c6 Rd8 29.cxd7 Qa4
30.Rf1 Qb4 31.Bc6 Qxd6 32.Rc8 Rxd7 33.Bxd7 Qxd7 34.Qc5 Kh7 35.Rc7 Qe8 36.Qe7 Qxe7
37.Rxe7 Kg7 38.Ra7 Rg4 39.Rxa6 Rb4 40.Ra3 Ne4 41.Ra7 Nd6 42.Rd1 Rb6 43.Rd3 Kg6
44.b3 Ne4 45.Ra4 f5 46.b4 Rc6 47.Ra1 Rc2 48.Rb1 Nc3 49.Re1 Kf6 50.Rde3 Ne4
51.R3e2 Rc6 52.Rb2 Ke5 53.b5 Rb6 54.Ra1 Nc5 55.Rc1 Nd3 56.Rc6 Rb7 57.Rb3 Nf4
58.b6 Nd5 59.g3  1-0

[Event "CECLUB Div2 Gp1"]
[Site "Padron ESP"]
[Date "2011.08.13"]
[Round "5"]
[White "Perez Mauricio,X"]
[Black "Garcia Ortega,J"]
[Result "0-1"]
[WhiteElo "2285"]
[BlackElo "2128"]

1.Nf3 Nf6 2.c4 g6 3.Nc3 c5 4.d4 cxd4 5.Nxd4 Nc6 6.e4 d6 7.Be2 Bg7 8.Be3 a6
9.O-O O-O 10.Qd2 Qa5 11.Nb3 Qd8 12.f3 Be6 13.Nd5 Rc8 14.Rac1 Nd7 15.Rfd1 f5
16.Nf4 Bf7 17.exf5 gxf5 18.Kh1 Nce5 19.Nd4 Qe8 20.Nde6 Bxe6 21.Nxe6 Rf6 22.Nxg7 Kxg7
23.f4 Ng6 24.Bf3 Rc7 25.g3 Qc8 26.b3 Nc5 27.Bd4 e5 28.Bb2 Re7 29.b4 Ne4 30.Bxe4 fxe4
31.Qd5 Kf8 32.c5 Qg4 33.Qxe4 exf4 34.Qd4 Ne5 35.cxd6 Rxd6 36.Qxf4+ Qxf4 37.gxf4 Nd3
38.Kg1 Rg6+ 39.Kf1 Nxb2 40.Rd2 Na4 41.Rc8+ Kg7 42.Kf2 Nb6 43.Rc5 Rf7 44.Kf3 Nd7
45.Rcd5 Nf8 46.h4 Rg1 47.f5 Ng6 48.h5 Nh4+ 49.Kf4 Nxf5 50.Rd1  0-1

[Event "20th ZMDI Open A"]
[Site "Dresden GER"]
[Date "2011.08.14"]
[Round "9.17"]
[White "Bakre,T"]
[Black "Plump,D"]
[Result "1-0"]
[WhiteElo "2522"]
[BlackElo "2246"]

1.Nf3 Nf6 2.c4 e6 3.Nc3 c5 4.g3 b6 5.Bg2 Bb7 6.O-O a6 7.Re1 Be7 8.e4 d6 9.d4 cxd4
10.Nxd4 Qc7 11.Be3 Nbd7 12.Rc1 O-O 13.Nd5 exd5 14.cxd5 Qd8 15.Nc6 Bxc6 16.dxc6 Nc5
17.c7 Qc8 18.b4 Ncd7 19.Re2 a5 20.e5 Nxe5 21.Bxb6 axb4 22.f4 Ned7 23.Bf2 d5
24.Rxe7 Rxa2 25.Bxd5 Ra3 26.Bb3 h5 27.Bd4 Ra8 28.Qc2 h4 29.Qg6 hxg3 30.Bxf7+ Kh8
31.Kg2  1-0

[Event "Cafe Atlantis Masters"]
[Site "Groningen NED"]
[Date "2011.08.16"]
[Round "9.2"]
[White "Tate,A"]
[Black "Van Assendelft,F"]
[Result "1/2-1/2"]
[WhiteElo "2342"]
[BlackElo "2393"]

1.Nf3 c5 2.c4 Nf6 3.Nc3 e6 4.g3 b6 5.Bg2 Bb7 6.O-O Be7 7.Re1 Ne4 8.Nxe4 Bxe4
9.d3 Bb7 10.e4 O-O 11.d4 cxd4 12.Nxd4 a6 13.b3 d6 14.Bb2 Nd7 15.Qg4 Bf6 16.Rad1 Qc7
17.h4 Rab8 18.h5 h6 19.Kh2 b5 20.cxb5 axb5 21.Nxb5 Qa5 22.Bxf6 Nxf6 23.Qe2 Ba6
24.a4 Bxb5 25.axb5 Qxb5 26.Rxd6 Qxe2 27.Rxe2 Rxb3 28.e5 Nxh5 29.Bh3 Rb4 30.f4 g6
31.Red2 Rfb8 32.Bg4 Nxf4 33.gxf4 Rxf4 34.Bxe6 fxe6 35.Rxe6 Kf7 36.Rdd6 Rg8
37.Ra6 Rf5 38.Reb6 Rh5+ 39.Kg3 Rg5+ 40.Kf4 Rf8 41.Rf6+ Kg8 42.Rxf8+ Kxf8
43.Ra8+ Ke7 44.Ra7+ Ke6 45.Ra6+ Kd7 46.Ra7+ Kc6 47.Ra6+ Kb7 48.Ra3 Kc6  1/2-1/2

[Event "72nd ch-ARM 1st League"]
[Site "Kajaran ARM"]
[Date "2011.08.18"]
[Round "1"]
[White "Mkrtchian,L"]
[Black "Hayrapetian,O"]
[Result "0-1"]
[WhiteElo "2463"]
[BlackElo "2406"]

1.c4 Nf6 2.Nc3 c5 3.Nf3 b6 4.d4 cxd4 5.Nxd4 Bb7 6.f3 g6 7.e4 d6 8.Be2 Bg7
9.O-O O-O 10.Be3 Nc6 11.Nc2 Rc8 12.Qd2 Re8 13.Rac1 Ne5 14.b3 Qc7 15.Nd4 Qb8
16.Rfd1 Nc6 17.Nc2 Ne5 18.Bf1 h5 19.Nd5 Nfd7 20.Bg5 Nc6 21.Qf2 e6 22.Nde3 Nf6
23.Rd2 Ne5 24.Bf4 Bxe4 25.fxe4 Nxe4 26.Qe2 Nxd2 27.Qxd2 d5 28.Qf2 Qb7 29.cxd5 exd5
30.Rd1 d4 31.Nxd4 Red8 32.Bxe5 Bxe5 33.Nf3 Bd6 34.Bc4 Bc5 35.Rxd8+ Rxd8 36.Ne5 Qe7
37.Bxf7+ Kg7 38.Qc2 Bxe3+ 39.Kh1 Qxe5  0-1

[Event "Malaysian Open"]
[Site "Kuala Lumpur MAS"]
[Date "2011.08.18"]
[Round "1.23"]
[White "Limono,Handjojo"]
[Black "Jia,H"]
[Result "0-1"]
[WhiteElo "1916"]
[BlackElo "2369"]

1.c4 Nf6 2.Nc3 c5 3.Nf3 b6 4.g3 Bb7 5.Bg2 e6 6.d3 Be7 7.O-O O-O 8.e4 d6 9.Rb1 Nc6
10.a3 a5 11.Bf4 Ne8 12.Qb3 Rb8 13.Rbd1 Bf6 14.Nb5 g5 15.Bd2 g4 16.Ne1 Nc7
17.Nxc7 Qxc7 18.Nc2 Nd4 19.Nxd4 Bxd4 20.Bc3 e5 21.Bxd4 cxd4 22.f4 gxf3 23.Rxf3 Bc8
24.Rdf1 b5 25.Qc2 bxc4 26.Qc1 f6 27.Rxf6 Rxf6 28.Rxf6 c3 29.bxc3 dxc3 30.Rf2 Ba6
31.Bf1 Kh8 32.Qh6 Qe7 33.Rc2 Rf8 34.Qe3 Qf7 35.Bh3 Qb3 36.Rf2 Rxf2 37.Qxf2 Kg7
38.Qe3 h6 39.Qa7+ Qb7 40.Qe3 Qb1+ 41.Bf1 c2 42.Qa7+ Bb7 43.Qb8 c1=Q  0-1

[Event "ch-FRA w 2011"]
[Site "Caen FRA"]
[Date "2011.08.19"]
[Round "4"]
[White "Bollengier,Andreea"]
[Black "Milliet,S"]
[Result "0-1"]
[WhiteElo "2207"]
[BlackElo "2355"]

1.c4 Nf6 2.Nc3 c5 3.Nf3 e6 4.d4 cxd4 5.Nxd4 Bb4 6.Nb5 O-O 7.a3 Bxc3+ 8.Nxc3 d5
9.Bg5 h6 10.Bxf6 Qxf6 11.e3 Nc6 12.Qf3 Qxf3 13.gxf3 d4 14.Nb5 Rd8 15.O-O-O e5
16.Bd3 Bh3 17.Rhe1 Rac8 18.exd4 exd4 19.Be4 a6 20.Bxc6 Rxc6 21.Rxd4 Rxd4
22.Nxd4 Rxc4+ 23.Nc2 Bf5 24.Re2 Kh7 25.Kd1 Bxc2+ 26.Rxc2 Rxc2 27.Kxc2 Kg6
28.Kd3 Kg5 29.Kd4 Kf4 30.Kc5 Kxf3 31.Kb6 Kxf2 32.Kxb7 f5 33.b4 f4 34.Kxa6 f3
35.b5 Kg2 36.b6 f2 37.b7 f1=Q+ 38.Kb6 Qb1+ 39.Kc7 Qc2+ 40.Kd7 Qd3+ 41.Kc7 Qc4+  0-1

[Event "20th Kaerntner Chess Summer"]
[Site "Feffernitz AUT"]
[Date "2011.08.21"]
[Round "2"]
[White "Gallob,J2"]
[Black "Jandke,M"]
[Result "1/2-1/2"]
[WhiteElo "1900"]
[BlackElo "2163"]

1.Nf3 Nf6 2.c4 c5 3.Nc3 g6 4.d4 cxd4 5.Nxd4 Bg7 6.e4 d6 7.Be2 Nc6 8.Be3 Bd7
9.O-O O-O 10.Qd2 Rc8 11.f3 a6 12.Kh1 h5 13.Nxc6 Rxc6 14.Rac1 Kh7 15.Rfd1 Qa5
16.c5 Be6 17.Nd5 Qxd2 18.Rxd2 Bxd5 19.exd5 Rcc8 20.c6 e6 21.dxe6 fxe6 22.Rxd6 bxc6
23.Rdxc6 Rxc6 24.Rxc6 Nd5 25.Bc5 Rd8 26.Bxa6 Nb4 27.Rd6 Rxd6 28.Bxd6 Nxa6
29.b4 Bd4  1/2-1/2

[Event "31st Presolana Open"]
[Site "Presolana ITA"]
[Date "2011.08.23"]
[Round "4.8"]
[White "Horvath,Jo1"]
[Black "Borgo,G"]
[Result "1-0"]
[WhiteElo "2535"]
[BlackElo "2404"]

1.c4 Nf6 2.Nc3 c5 3.Nf3 g6 4.d4 cxd4 5.Nxd4 Nc6 6.Nc2 Bg7 7.g3 b6 8.Bg2 Bb7
9.O-O Na5 10.e4 O-O 11.b3 a6 12.Re1 d6 13.Be3 Rc8 14.e5 Bxg2 15.exf6 Bxf6
16.Na4 b5 17.Bb6 Qd7 18.Bxa5 Qh3 19.Ne3 Bb7 20.Nb6 Rc5 21.Nbd5 bxc4 22.b4 Rxd5
23.Nxd5 Bg5 24.f3 e6 25.Nc3 d5 26.Bb6 d4 27.Qxd4 Bxf3 28.Qf2 Qh5 29.Ne4 Be7
30.Bc5 Bxe4 31.Rxe4  1-0

[Event "XVI Seahorse Open A"]
[Site "Rewal POL"]
[Date "2011.08.24"]
[Round "5"]
[White "Koziak,V"]
[Black "Bebel,A"]
[Result "1/2-1/2"]
[WhiteElo "2484"]
[BlackElo "2309"]

1.Nf3 Nf6 2.c4 e6 3.Nc3 c5 4.d4 cxd4 5.Nxd4 Qb6 6.e3 a6 7.Be2 Nc6 8.O-O d6
9.Rb1 Be7 10.b4 Qc7 11.Qb3 O-O 12.Bb2 Rd8 13.Rbc1 Bd7 14.Nf3 Rac8 15.Nd5 exd5
16.cxd5 Qb6 17.dxc6 bxc6 18.Bd4 Qb7 19.Rb1 Be6 20.Bc4 Bxc4 21.Qxc4 Qb5 22.Rfc1 Nd7
23.Qc2 Qd5 24.Qb2 Bf8 25.a4 c5 26.Bc3 cxb4 27.Bxb4 Rxc1+ 28.Qxc1 Nc5 29.Ba5 Re8  1/2-1/2

[Event "Trade Fair Open A"]
[Site "Brno CZE"]
[Date "2011.08.28"]
[Round "9"]
[White "Sipek,M"]
[Black "Strnad,O"]
[Result "1-0"]
[WhiteElo "1995"]
[BlackElo "1799"]

1.c4 Nf6 2.Nc3 c5 3.Nf3 g6 4.g3 b6 5.Bg2 Bb7 6.d3 d5 7.cxd5 Nxd5 8.Bd2 Bg7
9.Qc1 Nxc3 10.bxc3 O-O 11.Bh6 Nd7 12.h4 Nf6 13.h5 Qc7 14.Bxg7 Kxg7 15.hxg6 fxg6
16.Qh6+ Kg8 17.Ng5 Bxg2 18.Ne6  1-0

[Event "BDO Challengers"]
[Site "Haarlem NED"]
[Date "2011.08.28"]
[Round "9.1"]
[White "Arnaudov,G"]
[Black "Jackson,J"]
[Result "1-0"]
[WhiteElo "2439"]
[BlackElo "2157"]

1.c4 Nf6 2.Nc3 c5 3.Nf3 e6 4.d4 cxd4 5.Nxd4 a6 6.a3 Qc7 7.e4 d6 8.Be2 b6
9.Be3 Bb7 10.f3 Nbd7 11.O-O Rc8 12.a4 Be7 13.a5 bxa5 14.Nb3 O-O 15.Nxa5 Ba8
16.Kh1 Rb8 17.Qd2 Rfe8 18.Rfc1 Bf8 19.Nd5 Qd8 20.Nb4 Rxb4 21.Qxb4 d5 22.c5 dxe4
23.fxe4 Bxe4 24.Bxa6 Qc7 25.Qd2 Nd5 26.Bf2 f5 27.b4 N7f6 28.Bf1 Ng4 29.Bg1 g6
30.Nc4 Bh6 31.Qe1 Bf4 32.Nd6 Bxd6 33.cxd6 Qxd6 34.b5 Nde3 35.Rc3 Nxf1 36.Qxf1 Rd8
37.b6 Qe5 38.Rd1 Rb8 39.Rc5 Qf6 40.h3 Qh4 41.Rc3 Nf6 42.Qc4 Re8 43.Qc7 Nd5
44.Qg3 Qh5 45.Rxd5 Bxd5 46.Qe5 Qg5 47.Rg3 Qc1 48.Kh2 f4 49.Rg4 Qd2 50.Bd4 Re7
51.Qb8+  1-0

[Event "TCh-SRB Premier Women"]
[Site "Valjevo SRB"]
[Date "2011.08.28"]
[Round "2.2"]
[White "Jovanovic,Vi"]
[Black "Rakic,Ma"]
[Result "0-1"]
[WhiteElo "2136"]
[BlackElo "2283"]

1.Nf3 Nf6 2.c4 c5 3.Nc3 e6 4.e3 b6 5.d4 cxd4 6.exd4 Bb7 7.Be2 Be7 8.Bf4 O-O
9.O-O d5 10.Rc1 Nc6 11.c5 bxc5 12.dxc5 Bxc5 13.Nb5 Ne4 14.Nd2 Nxd2 15.Qxd2 Bb4
16.Qc2 e5 17.Bg3 Qb6 18.Qb3 Rad8 19.Bxe5 Nxe5 20.Qxb4 d4 21.Qc5 Qg6 22.f3 Qg5
23.Nd6 Rxd6 24.Qxd6 d3 25.Rce1 Rd8 26.Qc7 dxe2 27.Rxe2 Nxf3+ 28.Kh1 Ba6 29.Ref2 Bxf1
30.Rxf1 Ne5 31.Qxa7 h5 32.a4 Rd2 33.Qb7 Qf5 34.Rc1 Kh7 35.h3 Nd3 36.Rg1 Nf2+
37.Kh2 Qf4+  0-1